000 00675nam a2200229Ia 4500
005 20250508165427.0
008 008 250505s9999 xx 000 0 eng d
020 _a978-0-415-53405-5
037 _aReference
040 _aFEDL
_beng
_cFEDL
041 _aeng
_2eng
084 _a372.35, KRA/RR
_qFEDL
100 _aKrajcik Joseph S
_9780817
245 0 _aTeaching science in elementary and middle school: A project- based aproach
250 _a4
260 _aLondon, UK
_bRoutledge
_c2014
300 _axvi, 403p.
365 _aGBP
_b51.99
700 _a Czerniak Charlene M
_9780818
942 _cREF
_h372.35, KRA/RR
999 _c1395052
_d1395052